LIBRARY & INFORMATION CENTRE, KCAET, TAVANUR

ONLINE PUBLIC ACCESS CATALOGUE (OPAC)

Concrete technology / (Record no. 13438)

MARC details
000 -LEADER
fixed length control field 00451cam a2200181ua 4500
041 ## - LANGUAGE CODE
Language code of text/sound track or separate title eng
082 ## - DEWEY DECIMAL CLASSIFICATION NUMBER
Classification number 624.1834
Item number SAN/CO
100 ## - MAIN ENTRY--AUTHOR NAME
Personal name Santhakumar, A.R .
245 ## - TITLE STATEMENT
Title Concrete technology /
260 ## - PUBLICATION, DISTRIBUTION, ETC. (IMPRINT)
Place of publication Calcutta :
Name of publisher Oxford University Press ,
Year of publication 2008.
300 ## - PHYSICAL DESCRIPTION
Number of Pages ; .
942 ## - ADDED ENTRY ELEMENTS (KOHA)
Koha item type Books
Holdings
Withdrawn status Lost status Damaged status Home library Current library Date acquired Full call number Accession Number Koha item type
      KAUAET KAUAET 07/04/2012 624.1834 SAN/CO 21981 Books
      KAUAET KAUAET 07/04/2012 624.1834 SAN/CO 22009 Books
free website counter